| 000 | 00556nam a2200181 i 4500 | ||
|---|---|---|---|
| 001 | 25281 | ||
| 003 | ES-MaACL | ||
| 005 | 20230906153228.0 | ||
| 007 | t| | ||
| 008 | 021223s1890 sp ||||1| spa d | ||
| 110 | 1 |
_aEspaña. _bDirección General de Aduanas. _9166270 |
|
| 245 | 1 | 0 | _aAranceles de aduanas para la Península e Islas Baleares. |
| 250 | _aEd. oficial. | ||
| 260 |
_aMadrid : _b[s.n., _c1890] ( _fSucs. de Rivadeneyra) |
||
| 300 |
_a318 p. ; _c27 cm. |
||
| 650 | 4 |
_aAranceles de aduanas- _zEspaña- _yS.XIX. _99930 |
|
| 852 | 4 |
_aES-MaACL _jG-6013 |
|
| 999 |
_c25281 _d25281 |
||